Ekonomie Vstupní kurs

Guardado en:
Detalles Bibliográficos
Autor principal: Krč, Miroslav
Otros Autores: Kubik, Oto
Formato: Libro
Lenguaje:checo
Publicado: Praha Naše vojsko 1992
Edición:1. vyd.
Materias:
Etiquetas: Agregar Etiqueta
Sin Etiquetas, Sea el primero en etiquetar este registro!

MARC

LEADER 00000nam a2200000 4500
001 c001715
005 20221214091737.9
020 |a 80-206-0328-X 
041 0 |a cze 
044 |a CZ 
245 1 0 |a Ekonomie  |b Vstupní kurs  |c Miroslav Krč a kol., Oto Kubik 
250 |a 1. vyd. 
264 1 |a Praha  |b Naše vojsko  |c 1992 
300 |a 223 s. 
610 2 0 |a veda ekonomická 
610 2 0 |a dejiny myslenia ekonomického 
610 2 0 |a hospodárstvo trhové 
610 2 0 |a potreby 
610 2 0 |a výroba 
610 2 0 |a faktory výrobné 
610 2 0 |a podnik 
610 2 0 |a ceny 
610 2 0 |a rovnováha hospodárska 
610 2 0 |a rozdeľovanie 
610 2 0 |a rast hospodársky 
610 2 0 |a podnikanie 
610 2 0 |a priemysel 
610 2 0 |a poľnohospodárstvo 
610 2 0 |a obchod 
610 2 0 |a rozvoj sociálny 
610 2 0 |a ekológia 
610 2 0 |a hospodárstvo svetové 
100 1 |a Krč, Miroslav 
700 1 |a Kubik, Oto